Nadišiel čas slova

Bibliographic Details
Main Authors: Korkin, Vladimir (Author), Ajtmatov, Čingiz, 1928-2008 (Author)
Format: Article
Language:Slovak
Subjects:

MARC

LEADER 00000nab a2200000 a 4500
001 vtls000186204
003 SK-MaSNL
005 20260303180249.0
008 111106c1984 xo 0 slo
015 |a SNBRB19rr/mm-uuuuu 
035 |a CL0196317 
040 |a SNKBUCL  |b slo  |c SNKBUCL  |e AACR2 
041 0 |a slo 
044 |a xo  |c SK 
080 |a 82:301  |2 1981 
080 |a 301  |2 1981 
080 |a 82.01  |2 1981 
100 1 |a Korkin, Vladimir  |4 aut  |9 1204456 
245 1 0 |a Nadišiel čas slova  |c Vladimir Korkin, Čingiz Ajtmatov 
500 |a V časti Úvahy a názory. 
650 0 7 |a literatúra a spoločnosť  |2 snkbucl  |9 64420 
650 0 7 |a sovietska literatúra  |2 snkbucl  |9 22300 
655 7 |a články z novín a časopisov  |2 snkbucl  |9 267496 
655 7 |a články z odboru literárna veda a krásna literatúra  |2 snkbucl  |9 770045 
700 1 |a Ajtmatov, Čingiz,  |d 1928-2008  |4 aut  |9 250029 
773 0 |t Sovětská literatura  |g Č. 7 (1984), s. 122-126 
850 |a Slovenská národná knižnica v Martine  |a MTA001 
852 |a SNK  |b KIS3GCP 
958 |a RK 
958 |a LX 
992 |a RBX 
999 |c 2105521  |d 2107451